000 00808nmm a2200265 a 4500
003 AR-BaBNM
005 20251128203845.0
008 027019s1983 ||||||||||||||000 | spa||
040 _cAR-BaBNM
100 1 _aPiñeiro, Alberto Gabriel
245 1 0 _aBarrios, calles y plazas de la Ciudad de Buenos Aires
_borigen y razón de sus nombres
260 _aBuenos Aires
_bMunicipalidad de la Ciudad Buenos Aires
_c1983
300 _a322 p.
650 4 _aHISTORIA ARGENTINA
650 4 _aDICCIONARIOS
650 4 _aLEXICOGRAFIA
650 4 _aBARRIOS
650 4 _aPARQUES PUBLICOS
651 4 _aBuenos Aires [Capital Federal]
655 _aREFERENCIA
700 1 _aMelero García, Ramón
_eprologuista
710 2 _aInstituto Histórico de la Ciudad de Buenos Aires
942 _cBK
998 _cMARTIN
999 _c5208
_d5208